Представление документа в формате MARC21

Поле Инд. ПП Название Значение
Тип записи a
Библиографический уровень m
001 Контрольный номер RU/IS/BASE/264539084
005 Дата корректировки 20250623154509.4
008 Кодируемые данные 19961014
020 00 a ISBN 5-85235-202-0
040 00 e Правила каталог. Л 961014
084 a Индекс другой классификации/Индекс ББК 60.50я73; 60.500я73; 60.52я73; 60.53я73; 60.56я73
090 00 a Полочн. индекс 60.50я73
x Авторский знак З-41-6
097 00 a 240
100 10 a Автор Зборовский Г. Е.
100 1_ a Автор Орлов Г. П.
245 00 a Заглавие Социология
b Продолж. заглавия учебник для студентов гуманитарных вузов
c Ответственность рецензенты А. И. Кравченко, А. Ф. Филиппов
260 00 a Место издания Москва
b Издательство Интерпракс
c Дата издания 1995
300 00 a Объем 320 с.
b Иллюстрации/ тип воспроизводства схем.
336 a Термин вида содержания Текст
337 a Термин типа средства непосредственный
440 00 a Серия Программа "Обновление гуманитарного образования в России"
504 00 a Библиография Лит. - Словарь осн. понят. и терм.: с. 298-312
521 00 a Примеч. о целев. назн. студенты; преподаватели
600 14 a Персоналии Вебер Макс
a Персоналии Дюркгейм Эмиль
a Персоналии Зиммель Георг
a Персоналии Ковалевский Максим Максимович
a Персоналии Конт Огюст
a Персоналии Маркс Карл
a Персоналии Мертон Роберт Кинг
a Персоналии Парсонс Толкотт
a Персоналии Сорокин Питирим Александрович
a Персоналии Спенсер Герберт
a Персоналии Теннис Фердинанд
a Персоналии Уорд Лестер Франк
650 04 a Основная рубрика социология
653 00 a Ключевые слова XIX век
a Ключевые слова XX век
a Ключевые слова глобальная система
a Ключевые слова индустриальная социология
a Ключевые слова история социологии
a Ключевые слова история социологической мысли
a Ключевые слова личность
a Ключевые слова макросоциология
a Ключевые слова методика социологического исследования
a Ключевые слова микросоциология
a Ключевые слова новейшее время
a Ключевые слова новое время
a Ключевые слова общество
a Ключевые слова парадигмы
a Ключевые слова политика
a Ключевые слова политическая социология
a Ключевые слова социальная стратификация
a Ключевые слова социальная структура
a Ключевые слова социальное время
a Ключевые слова социальное пространство
a Ключевые слова социальные группы
a Ключевые слова социальные институты
a Ключевые слова социальные конфликты
a Ключевые слова социальные общности
a Ключевые слова социальные процессы
a Ключевые слова социальные системы
a Ключевые слова социодинамика
a Ключевые слова социологическая информация
a Ключевые слова социологическая теория
a Ключевые слова социологические направления
a Ключевые слова социологические школы
a Ключевые слова социологическое исследование
a Ключевые слова социология личности
a Ключевые слова структура личности
a Ключевые слова структура общества
a Ключевые слова структура социологического исследования
a Ключевые слова теория конфликта
a Ключевые слова теория социального обмена
a Ключевые слова экономика
a Ключевые слова экономическая социология
a Ключевые слова эмпирическая социология
a Ключевые слова эмпирические исследования
655 00 a Жанр/ форма (устаревшее) учебное пособие
700 12 a Автор Кравченко А. И.
e Роль лиц рецензент
700 12 a Автор Филиппов А. Ф.
e Роль лиц рецензент
901 t Тип документа m
952 a Тип литературы для КСУ ВШ УИ